Sports Quiz

Random Sports Quiz

Races Zenyatta won Quiz Stats

 Plays Quiz not verified by Sporcle

Score 0/11 Timer 03:00
0 Plays Today
Race Track Race % Correct
Santa AnitaBreeders' Cup Classic
97.1%
Oaklawn ParkApple Blossom Handicap
80%
Santa AnitaBreeders' Cup Ladies' Classic
80%
Hollywood ParkVanity Handicap
60%
Hollywood ParkMaiden
57.1%
Hollywood Park Milady Handicap
57.1%
Del MarClement L. Hirsch Handicap
57.1%
Santa Anita/HollywoodLady's Secret Stakes
57.1%
Hollywood ParkAllowance
54.3%
Santa Anita Santa Margarita Invitational Handicap
45.7%
Santa AnitaEl Encino Stakes
37.1%

You're not logged in!

Compare scores with friends on all Sporcle quizzes.
OR
Log In

Show Comments

Extras

Created Nov 24, 2010ReportNominate
Tags:champion, Horse Racing, race, won

Top Quizzes Today


Score Distribution

Your Account Isn't Verified!

In order to create a playlist on Sporcle, you need to verify the email address you used during registration. Go to your Sporcle Settings to finish the process.

Report this User

Report this user for behavior that violates our Community Guidelines.

Details: